00598nam a2200193Ia 450000500170000000800410001708200130005810000120007124500700008325000100015326000560016330000150021965000100023465000140024465000270025894200060028595200980029199900150038920240604050025.0240331s9999 xx 000 0 und d bREPa363 aHRC. ed 0aReport of the women's division :bdisaster relief monitoring unit a1 st  aColombobHuman Rights Commission of Sri Lankac2005 avi,150 p., aWomen aDisaster  aGender Based Violence  cL 001040708LaWERCLbWERCLcSSCd2024-03-31l0o 363.34 REPp5501r2024-03-31w2024-03-31yL c4551d4551